| 000 | 00466nam a2200169Ia 4500 | ||
|---|---|---|---|
| 003 | LK-CoDNM | ||
| 008 | 010623t1915 xxu||||| |||| 00| 1 sin d | ||
| 040 |
_aLK-CoDNM _dLK-CoDNM _eLK-CoDNM |
||
| 041 | _asin | ||
| 080 | _a104 D.7 | ||
| 100 |
_aRevata Thero,Boorukgamuve _eed. |
||
| 245 | _aසිංහල මහා අකාරාදිය | ||
| 246 | _aSinhala Maha Akaaraadiya | ||
| 260 |
_bT.Wijeesuuriya _aColombo _c1915 |
||
| 300 | _b79p., 21 cm | ||
| 942 | _cBK | ||
| 999 |
_c88642 _d88642 |
||